| 000 -LEADER | |
|---|---|
| fixed length control field | 00545nam a22001817a 4500 |
| 005 - DATE AND TIME OF LATEST TRANSACTION | |
| control field | 20240920160848.0 |
| 008 - FIXED-LENGTH DATA ELEMENTS--GENERAL INFORMATION | |
| fixed length control field | 240920b |||||||| |||| 00| 0 eng d |
| 020 ## - INTERNATIONAL STANDARD BOOK NUMBER | |
| ISBN | 978-93-5480-134-1 |
| 041 ## - LANGUAGE CODE | |
| Language code of text/sound track or separate title | eng |
| 082 ## - DEWEY DECIMAL CLASSIFICATION NUMBER | |
| Classification number | 615.321 |
| 100 ## - MAIN ENTRY--AUTHOR NAME | |
| Personal name | PANDA, DR. SANJAYA KUMAR & CHAWLA, DR. PAYAL & BRIHEMAYA, PANKAJ KUMAR AND KANT, SHIVA |
| 245 ## - TITLE STATEMENT | |
| Title | PHARMACOGNOSY [D.PHARMA, 1ST YEAR ] |
| 250 ## - EDITION STATEMENT | |
| Edition statement | 1ST RE.PRINT ED. 2024 |
| 260 ## - PUBLICATION, DISTRIBUTION, ETC. (IMPRINT) | |
| Place of publication | LUCKNOW |
| Name of publisher | THAKUR PUBLICATION PVT.LTD |
| 300 ## - PHYSICAL DESCRIPTION | |
| Number of Pages | 208;P |
| 650 ## - SUBJECT ADDED ENTRY--TOPICAL TERM | |
| Topical Term | PHARMACY |
| General subdivision | D.PHARMA |
| 942 ## - ADDED ENTRY ELEMENTS (KOHA) | |
| Koha item type | Books |
| Lost status | Damaged status | Collection code | Home library | Current library | Shelving location | Date acquired | Source of acquisition | Cost, normal purchase price | Serial Enumeration / chronology | Full call number | Accession Number | Koha item type |
|---|---|---|---|---|---|---|---|---|---|---|---|---|
| PHARMACY | JRU Library | JRU Library | SHELF-72-C | 13/09/2024 | PURCHASE | 245.00 | NEW ARRIVALS SHELF | 615.321 | 28563 | Books | ||
| PHARMACY | JRU Library | JRU Library | SHELF-17-B | 13/09/2024 | PURCHASE | 245.00 | 615.321 | 28564 | Books | |||
| PHARMACY | JRU Library | JRU Library | Shelf - 25- B | 13/09/2024 | PURCHASE | 245.00 | 615.321 | 28565 | Books |